LEADER 02254nam 22004333 450 001 9910162848403321 005 20251209084636.0 010 $a1-907230-43-2 035 $a(CKB)3710000001044451 035 $a(BIP)038849977 035 $a(MiAaPQ)EBC4811023 035 $a(Au-PeEL)EBL4811023 035 $a(CaPaEBR)ebr11352093 035 $a(OCoLC)819661520 035 $a(EXLCZ)993710000001044451 100 $a20251209d2012 uy 0 101 0 $aeng 135 $aurcnu|||||||| 181 $ctxt$2rdacontent 182 $cc$2rdamedia 183 $acr$2rdacarrier 200 10$aMalediction 205 $a1st ed. 210 1$aSouthampton :$cSparkling Books Limited,$d2012. 210 4$dİ2012. 215 $a1 online resource (304 p.) 311 08$a1-907230-41-6 327 $aIntro -- Malediction -- PRAISE FOR SALLY SPEDDING -- ALSO BY SALLY SPEDDING -- MALEDICTION -- List of Characters -- INTROIT -- I -- II -- III -- IV -- V -- VI -- VII -- VIII -- IX -- X -- XI -- XII -- XIII -- XIV -- XV -- XVI -- XVII -- XVIII -- XIX -- XX -- XXI -- XXII -- XXIII -- XXIV -- XXV -- XXVI -- XXVII -- XXVIII -- XXIX -- XXX -- XXXI -- XXXII -- XXXIII -- XXXIV -- XXXV -- XXXVI -- XXXVII -- XXXVIII -- XXXIX -- XL -- XLI -- XLII -- XLIII -- XLIV -- XLV -- XLVI -- XLVII -- XLVIII -- XLIX -- L -- LI -- LII -- LIII -- LIV -- LV -- LVI -- LVII -- LVIII -- LIX -- LX -- LXI -- LXII -- LXIII -- LXIV -- LXV -- DOXOLOGY -- Sparkling Books. 330 8 $aColette Bataille, a single mother, falls desperately in love with the charismatic and handsome Father Jean Baptiste who grips her into a mystical hold. But she soon finds he is no ordinary Catholic priest. As she starts to investigate the past of this fallen man, her son dies. Colette suspects he has been murdered. She steps up her investigations only to uncover a group of dangerous collaborators.Can she escape this world of deceit and get the revenge she craves?This is a stunning book with vivid characters and a gripping story. 610 $aFiction 676 $a823.92 700 $aSpedding$b Sally$01241453 801 0$bMiAaPQ 801 1$bMiAaPQ 801 2$bMiAaPQ 906 $aBOOK 912 $a9910162848403321 996 $aMalediction$93595089 997 $aUNINA